| 000 | 00299nam a22000977a 4500 | ||
|---|---|---|---|
| 008 | 230828b |||||||| |||| 00| 0 eng d | ||
| 040 |
_aNational Science Library _cNational Science Library |
||
| 245 | _aFertiliser news | ||
| 260 |
_aNew Delhi: _bThe Fertiliser Association of India _c |
||
| 942 |
_cCR _2udc |
||
| 999 |
_c59836 _d59836 |
||